| 000 | 00314 a2200121 4500 | ||
|---|---|---|---|
| 001 | 63261 | ||
| 082 | _a005.133 LAR | ||
| 090 |
_c37325 _d37325 |
||
| 100 | _aNewcomer, Larry | ||
| 245 |
_aProgramming with modern structural COBO _hEnglish |
||
| 260 |
_aNew Delhi _bMcgraw Hill (Schaum's Series) |
||
| 300 | _a373p | ||
| 942 |
_aCAE NUST _k005.133 LAR |
||
| 999 |
_c298334 _d298334 |
||